Logo Biblioteca

El árbol florido : (Registro nro. 979)

Detalles MARC
000 -LEADER
fixed length control field 01005nam a22002417a 4500
003 - CONTROL NUMBER IDENTIFIER
control field AR-RoUNCS
005 - DATE AND TIME OF LATEST TRANSACTION
control field 20260326114828.0
008 - FIXED-LENGTH DATA ELEMENTS--GENERAL INFORMATION
fixed length control field 260326s2018 ag ||||| |||| 00| 0 spa d
020 ## - INTERNATIONAL STANDARD BOOK NUMBER
International Standard Book Number 978-987-1026-38-8
040 ## - CATALOGING SOURCE
Transcribing agency AR-RoUNCS
Original cataloging agency AR-RoUNCS
080 ## - UNIVERSAL DECIMAL CLASSIFICATION NUMBER
Authority record control number or standard number 82-1
245 03 - TITLE STATEMENT
Title El árbol florido :
Remainder of title 50 poemas clásicos de Latinoamérica y España.
250 ## - EDITION STATEMENT
Edition statement 1a ed.
260 ## - PUBLICATION, DISTRIBUTION, ETC.
Place of publication, distribution, etc. Santa Fe :
Name of publisher, distributor, etc. Ministerio de Educación de la Provincia de Santa Fe,
Date of publication, distribution, etc. 2018.
300 ## - PHYSICAL DESCRIPTION
Extent 108 p. ;
Dimensions 25 cm.
490 0# - SERIES STATEMENT
Series statement Colección Redes de Tinta
520 3# - SUMMARY, ETC.
Summary, etc. Después de leer un libro se transforma lo que sabemos, lo que creemos, lo que sentimos sobre cada pedacito del mundo. Aun en un acto individual de la lectura hay un sentido colectivo que se fortalece, moviliza el encuentro con otros para compartirla. (Nota del editor)<br/>
650 #7 - SUBJECT ADDED ENTRY--TOPICAL TERM
Topical term or geographic name entry element Literatura clásica
Source of heading or term embne
650 #7 - SUBJECT ADDED ENTRY--TOPICAL TERM
Topical term or geographic name entry element Literatura hispanoamericana
Source of heading or term embne
650 #7 - SUBJECT ADDED ENTRY--TOPICAL TERM
Topical term or geographic name entry element Literatura española
Source of heading or term embne
655 #7 - INDEX TERM--GENRE/FORM
Source of term embne
Genre/form data or focus term Poesías
942 ## - ADDED ENTRY ELEMENTS (KOHA)
Source of classification or shelving scheme Universal Decimal Classification
Koha item type Obra General
Suppress in OPAC No
Existencias
Withdrawn status Lost status Source of classification or shelving scheme Damaged status Not for loan Collection Home library Current library Date acquired Source of acquisition Total checkouts Full call number Barcode Date last seen Copy number Price effective from Koha item type
    Universal Decimal Classification     Colección General Biblioteca Escuela de Ciencias Sociales Biblioteca Escuela de Ciencias Sociales 26/03/2026 Donación 2023   82-1 AR666 000271 26/03/2026 Ej. 1 26/03/2026 Obra General
    Universal Decimal Classification     Colección General Biblioteca Escuela de Ciencias Sociales Biblioteca Escuela de Ciencias Sociales 26/03/2026 Donación 2024   82-1 AR666 001310 26/03/2026 Ej. 2 26/03/2026 Obra General
    Universal Decimal Classification     Colección General Biblioteca Escuela de Ciencias Sociales Biblioteca Escuela de Ciencias Sociales 26/03/2026 Donación 2024   82-1 AR666 001311 26/03/2026 Ej. 3 26/03/2026 Obra General
    Universal Decimal Classification     Colección General Biblioteca Escuela de Ciencias Sociales Biblioteca Escuela de Ciencias Sociales 26/03/2026 Donación 2024   82-1 AR666 001312 26/03/2026 Ej. 4 26/03/2026 Obra General
    Universal Decimal Classification     Colección General Biblioteca Escuela de Ciencias Sociales Biblioteca Escuela de Ciencias Sociales 26/03/2026 Donación 2024   82-1 AR666 001313 26/03/2026 Ej. 5 26/03/2026 Obra General
    Universal Decimal Classification     Colección General Biblioteca Escuela de Ciencias Sociales Biblioteca Escuela de Ciencias Sociales 26/03/2026 Donación 2024   82-1 AR666 001314 26/03/2026 Ej. 6 26/03/2026 Obra General
    Universal Decimal Classification     Colección General Biblioteca Escuela de Ciencias Sociales Biblioteca Escuela de Ciencias Sociales 26/03/2026     82-1 AR666 000306 26/03/2026 Ej. 7 26/03/2026 Obra General
Biblioteca de la Escuela Preuniversitaria en Ciencias Sociales y Humanísticas.
Riobamba 250 bis.
CP 2000 - Rosario - Santa Fe
E-Mail: biblioteca@esociales.unr.edu.ar